000 02187nam0a2200409 4500
001 RU\NLR\BIBL_A\012373529
005 20201023134939.0
010 _a978-5-93078-981-2
_9500
021 _aRU
_bКН-П-20-035243
_9КН-П-20-2687
035 _a(NLR Aleph) 012373529
035 _a(RuMoRGB)010361718
090 _a11587880
_c11587880
100 _a20201010d2020 k y0rusy50 ca
101 0 _arus
102 _aRU
105 _aa|||z|||000zy
181 0 _ai
_baxxe
182 0 _an
200 1 _aФормирование мясной продуктивности у молодняка овец карачаевской породы в разном возрасте
_eмонография
_fД.Р. Смакуев, М.М. Шахмурзов, А.Ф. Шевхужев, А.И. Пономарева
203 _aТекст
_bвизуальный
_cнепосредственный
210 _aСтаврополь
_cСтаврополь-Cервис-Школа
_d2020
215 _a136, [1] с.
_cтабл.
_d21
300 _aНа 137-й с. авт.: Смакуев Д.Р., д-р с.-х. наук, проф., Шахмурзов М.М., д-р биол. наук, проф., Шевхужев А.Ф., д-р с.-х. наук, проф., Пономарева А.И.
320 _aБиблиогр.: с. 111-136 (288 назв.)
606 1 _aКарачаевские овцы
_xМолодняк
_xМясные качества
_xВозрастные особенности
_2nlr_sh2
_3RU\NLR\AUTH\6601677067
686 1 _aП661-44
686 1 _aП661.39.Карачаевские-65
701 1 _aСмакуев
_bД. Р.
_gДагир Рамазанович
701 1 _aШахмуров
_bМ. М.
_gМухамед Музачирович
701 1 _aШевхужев
_bА. Ф.
_gАнатолий Фоадович
701 1 _aПономарева
_bА. И.
_cканд. с.-х. наук, зоотехния
_f1972-
_gАнна Ивановна
_3RU\NLR\AUTH\770222063
942 _cBOOK
980 _aNBR
980 _aNB